Japón ante la nueva configuración de Asia del Pacífico: proactividad y reactividad ante un orden internacional fluido
Uloženo v:
| Hlavní autor: | |
|---|---|
| Další autoři: | , |
| Médium: | Kniha |
| Jazyk: | angličtina španělština |
| Vydáno: |
Ciudad de México, México D.F
El Colegio de México
2011
|
| Vydání: | Primera edición |
| Edice: | Centro de Estudios de Asia y África
|
| Témata: | |
| Tagy: |
Přidat tag
Žádné tagy, Buďte první, kdo vytvoří štítek k tomuto záznamu!
|
MARC
| LEADER | 00000nam a22000007a 4500 | ||
|---|---|---|---|
| 003 | CL-VaPUC | ||
| 005 | 20211019074405.0 | ||
| 008 | 200106b ||||| |||| 00| 0 eng d | ||
| 999 | |c 376409 |d 376407 | ||
| 020 | |a 9786074622942 | ||
| 040 | |c Pontificia Universidad Católica de Valparaíso | ||
| 041 | 0 | |a spa | |
| 082 | |a 327.05205 RAM 2011 | ||
| 100 | 1 | |a Ramírez Bonilla, Juan José |9 605614 | |
| 245 | 1 | 0 | |a Japón ante la nueva configuración de Asia del Pacífico: |b proactividad y reactividad ante un orden internacional fluido |
| 250 | |a Primera edición | ||
| 260 | 3 | |a Ciudad de México, México D.F |b El Colegio de México |c 2011 | |
| 300 | |a 274 p | ||
| 490 | 0 | 0 | |a Centro de Estudios de Asia y África |
| 505 | 0 | |a Primera parte. Japón: entre la proactividad y la reactividad ante la integración económica de Asia del Pacífico. Segunda parte. La política favorable a los acuerdos de comercio preferencial y sus logros parciales. Tercera parte. Los límites de la proyección de Japón en Asia del Este. | |
| 583 | |c 20200106 |k Daniel Castañeda | ||
| 650 | 0 | 0 | |a Relaciones Internacionales |9 255740 |
| 650 | 0 | 0 | |a Integración económica |9 255024 |
| 651 | 0 | 0 | |a Japón |9 260391 |
| 700 | 1 | |a Toledo Beltrán, Daniel |9 605615 | |
| 700 | 1 | |a Uscanga Prieto, Carlos |9 605616 | |
| 942 | |2 ddc |c BK | ||
| 952 | |0 0 |1 0 |2 ddc |4 0 |6 327_052050000000000_RAM_2011 |7 0 |8 A |9 495811 |a BIBGIM |b BIBGIM |d 2020-01-06 |i 5614147 |o 327.05205 RAM 2011 |p 5614147 |r 2025-01-15 |t 1 |w 2020-01-06 |y BK |k ORI | ||